| 000 -LEADER |
| fixed length control field |
01156pam a2200289 a 4500 |
| 005 - DATE AND TIME OF LATEST TRANSACTION |
| control field |
20131115041638.0 |
| 008 - FIXED-LENGTH DATA ELEMENTS--GENERAL INFORMATION |
| fixed length control field |
910401s1991 couab b 001 0 eng |
| 020 ## - INTERNATIONAL STANDARD BOOK NUMBER |
| International Standard Book Number |
081338270X |
| 020 ## - INTERNATIONAL STANDARD BOOK NUMBER |
| International Standard Book Number |
0813382718 |
| 041 0# - LANGUAGE CODE |
| Language code of text/sound track or separate title |
eng |
| 080 ## - UNIVERSAL DECIMAL CLASSIFICATION NUMBER |
| Universal Decimal Classification number |
341(4) |
| 245 04 - TITLE STATEMENT |
| Title |
The New European community : |
| Statement of responsibility, etc |
edited by Robert O. Keohane and Stanley Hoffmann. |
| 260 ## - |
| -- |
Boulder, Colo. : |
| -- |
Westview Press, |
| -- |
1991. |
| 300 ## - |
| -- |
viii, 208 p. : |
| -- |
ill., map ; |
| -- |
24 cm. |
| 500 ## - |
| -- |
Preface : f. VII-VIII |
| 504 ## - BIBLIOGRAPHY, ETC. NOTE |
| Bibliography, etc |
Includes bibliographical references and index. |
| 610 20 - |
| -- |
Komunitetet Europiane |
| 610 20 - |
| -- |
Komisioni i komuniteteve Europiane. |
| 610 20 - |
| -- |
Këshilli i Komunitetit Europian |
| 610 20 - |
| -- |
Komuniteti ekonomik Europian |
| 650 #0 - |
| -- |
E drejta ndërkombëtare |
| -- |
Unoni Europian |
| 700 1# - |
| -- |
Keohane, Robert O. |
| -- |
(Robert Owen), |
| -- |
1941- |
| 700 1# - |
| -- |
Hoffmann, Stanley. |
| 856 42 - |
| -- |
Contributor biographical information |
| -- |
http://www.loc.gov/catdir/enhancements/fy0833/91015478-b.html |
| 856 42 - |
| -- |
Publisher description |
| -- |
http://www.loc.gov/catdir/enhancements/fy0833/91015478-d.html |
| 942 ## - ADDED ENTRY ELEMENTS (KOHA) |
| Source of classification or shelving scheme |
|
| Item type |
Books |